1984 /
Guardado en:
| Autor Principal: | |
|---|---|
| Otros Autores: | |
| Formato: | Libro |
| Publicado: |
España :
Destino,
1994
|
| Edición: | 15a. ed. |
| Series: | Destinolibro; No. 54
|
| Materias: | |
| Etiquetas: |
Agregar Etiqueta
Sin Etiquetas, Sea el primero en etiquetar este registro!
|
| LEADER | 00647nam a22002415a 4500 | ||
|---|---|---|---|
| 001 | CEM.cems010655 | ||
| 005 | 20080506095457.0 | ||
| 008 | 130507s1994##################000#0#####d | ||
| 003 | CEMS | ||
| 020 | |a 8423309835 | ||
| 082 | 0 | 4 | |a 823.9 |
| 100 | 1 | |a Orwell, George | |
| 245 | 1 | 0 | |a 1984 / |c George Orwell [seudónimo] |
| 250 | |a 15a. ed. | ||
| 260 | |a España : |b Destino, |c 1994 | ||
| 300 | |a 305 p. | ||
| 490 | 0 | |a Destinolibro; No. 54 | |
| 653 | |a Literatura | ||
| 653 | |a Literatura inglesa | ||
| 653 | |a Novelas | ||
| 653 | |a Novela inglesa-siglo 20 | ||
| 700 | 1 | |a Blair, Eric Arthur | |
| 859 | |a CEMS |b BIB. CEMS - 11 de abril |h 823.9 |i Or9-1 |p 21246.01 |t Ej.1 | ||
